Online katalóg knižníc regiónu Turca

Sapfo (Record no. 20939)

MARC details
000 -LEADER
fixed length control field 01053nam a2200349 a 4500
001 - CONTROL NUMBER
control field 20939
003 - CONTROL NUMBER IDENTIFIER
control field VRT
005 - DATE AND TIME OF LATEST TRANSACTION
control field 20260207105722.0
008 - FIXED-LENGTH DATA ELEMENTS--GENERAL INFORMATION
fixed length control field 991116s1948 xo g 000 d slo c
035 ## - SYSTEM CONTROL NUMBER
System control number UKB000248522
039 #9 - LEVEL OF BIBLIOGRAPHIC CONTROL AND CODING DETAIL [OBSOLETE]
Level of rules in bibliographic description 201803120924
Level of effort used to assign nonsubject heading access points gluc
Level of effort used to assign subject headings 200810201217
Level of effort used to assign classification juso
Level of effort used to assign subject headings 200810201210
Level of effort used to assign classification juso
040 ## - CATALOGING SOURCE
Original cataloging agency BAA001
Language of cataloging slo
Transcribing agency BAA001
Description conventions AACR2
041 1# - LANGUAGE CODE
Language code of text/sound track or separate title slo
Language code of original ger
044 ## - COUNTRY OF PUBLISHING/PRODUCING ENTITY CODE
MARC country code xo
ISO country code SK
080 ## - UNIVERSAL DECIMAL CLASSIFICATION NUMBER
Universal Decimal Classification number 830(436)-2
100 1# - MAIN ENTRY--PERSONAL NAME
Personal name Grillparzer, Franz,
Dates associated with a name 1791-1872
245 10 - TITLE STATEMENT
Title Sapfo
Remainder of title tragédia v 5 dejstvách
Statement of responsibility, etc. F. Grillparzer ; [prel. K.M. Hodro]
250 ## - EDITION STATEMENT
Edition statement 1. vyd.
260 ## - PUBLICATION, DISTRIBUTION, ETC.
Place of publication, distribution, etc. Turčiansky Sv. Martin
Name of publisher, distributor, etc. Ústr. slov. ochot. div.
Date of publication, distribution, etc. 1948
300 ## - PHYSICAL DESCRIPTION
Extent 115 s.
490 1# - SERIES STATEMENT
Series statement Javisko
Volume/sequential designation sv. 24
650 07 - SUBJECT ADDED ENTRY--TOPICAL TERM
Topical term or geographic name entry element literatúra rakúska
General subdivision hry divadelné
650 07 - SUBJECT ADDED ENTRY--TOPICAL TERM
Topical term or geographic name entry element hry divadelné rakúske
653 ## - INDEX TERM--UNCONTROLLED
Uncontrolled term 830(436)-2
700 1# - ADDED ENTRY--PERSONAL NAME
Personal name Hodro, K. M.
Relationship trl
830 #0 - SERIES ADDED ENTRY--UNIFORM TITLE
Uniform title Javisko
910 ## - USER-OPTION DATA (OCLC)
User-option data ukb
942 ## - ADDED ENTRY ELEMENTS (KOHA)
Source of classification or shelving scheme Dewey Decimal Classification
Koha item type Krásna literatúra pre dospelých
Suppress in OPAC No
949 ## - LOCAL PROCESSING INFORMATION (OCLC)
6 1800306182
a 20.E.01257
b PV.1341-48
949 ## - LOCAL PROCESSING INFORMATION (OCLC)
6 1800518320
a S.F.04240
b PV.1342-48
949 ## - LOCAL PROCESSING INFORMATION (OCLC)
6 1800056670
a 20.E.01257
b DD.812-99
Holdings
Stav vyradenia Strata Poškodenie Spôsob nadobudnutia Domovská knižnica Aktuálna knižnica Dátum nadobudnutia Total checkouts Čiarový kód exemplára Date last seen Typ exemplára Verejná poznámka
      Dar Obecná knižnica Horná Štubňa Obecná knižnica Horná Štubňa 07.02.2026   4736201108 07.02.2026 Krásna literatúra pre dospelých divadelná hra
Projekt je podporený Slovenskou asociáciou knižníc
Prevádzkuje Turčianska knižnica Martin 2026